| 000 | 00551nam a2200217 a 4500 | ||
|---|---|---|---|
| 001 | 19800 | ||
| 003 | CO-ViMGA | ||
| 008 | 141112s2004 ck r 000 u spa d | ||
| 020 | _a8434222000 | ||
| 040 |
_aCO-ViMGA _bspa _cCO-ViMGA |
||
| 082 | 0 | 4 | _a731.43 Ch181m |
| 100 | 1 |
_aChavarria, Joaquim _928676 |
|
| 245 | 1 | 0 | _aModelado |
| 260 |
_aBarcelona : _bParramón, _c1998 |
||
| 300 | _a64 p. | ||
| 490 | _aAula de cerámica | ||
| 590 | _aForma de adquisición : Premio Mincultura | ||
| 650 | 1 | 4 |
_aARCILLA _926334 |
| 650 | 1 | 4 | _aMODELADO |
| 942 |
_2ddc _cBK |
||
| 999 |
_c5466 _d5466 |
||